Every 100,000+ City in Togo in Order - Statistics

General Stats
  • This quiz has been taken 21 times
    6 since last reset
  • The average score is 5 of 9
Answer Stats
Letter Population City % Correct
L 2,867,360 Lomé
100%
A 213,771 Atakpamé
75%
D 176,114 Dapaong
75%
K 283,910 Kara
75%
S 310,076 Sokodé
75%
K 181,093 Kpalimé
50%
A 146,612 Aného
25%
N 104,075 Notsé
25%
T 240,190 Tsévié
25%
No matching quizzes found
Score Distribution
Percent of People with Each Score
Percentile by Number Answered
Your Score History
You have not taken this quiz since the last reset